000 00767nam a2200193 a 4500
001 BRCA_2070
005 20190320203645.0
008 070808s2001----utua---###---#000-0#eng-#
050 4 _aND454
_b.M85 2001
100 1 _aMuller, Sheila D.
_96297
245 1 0 _aThe Val A. Browning Collection
_bA Selection of Old Master Paintings
_cedited by Sheila D. Muller.
260 _aUtah
_bThe Utah Museum of Fine Arts, University of Utah
_c2001
300 _axx, 200 p.
_bil. (algunas a color)
_c20 cm.
500 _aIncluye lista de ilustraciones
600 1 4 _aBrowning, Val A.
_d1895-1994
_vCatálogos
_xColecciones de arte
_zSalt Lake City, Utah
_96298
650 1 4 _aPintura europea
_vCatálogos
_96299
650 1 4 _aPintura
_vCatálogos
_zSalt Lake City, Utah
_96300
942 _2lcc
_cB
999 _c1829
_d1829